<?xml version="1.0" encoding="UTF-8"?><?xml-stylesheet type="text/xsl" href="static/style.xsl"?><OAI-PMH xmlns="http://www.openarchives.org/OAI/2.0/" xmlns:xsi="http://www.w3.org/2001/XMLSchema-instance" xsi:schemaLocation="http://www.openarchives.org/OAI/2.0/ http://www.openarchives.org/OAI/2.0/OAI-PMH.xsd"><responseDate>2026-04-28T19:03:19Z</responseDate><request verb="GetRecord" identifier="oai:uvadoc.uva.es:10324/8191" metadataPrefix="marc">https://uvadoc.uva.es/oai/request</request><GetRecord><record><header><identifier>oai:uvadoc.uva.es:10324/8191</identifier><datestamp>2021-06-29T10:24:50Z</datestamp><setSpec>com_10324_38</setSpec><setSpec>col_10324_852</setSpec></header><metadata><record xmlns="http://www.loc.gov/MARC21/slim" xmlns:doc="http://www.lyncode.com/xoai" xmlns:xsi="http://www.w3.org/2001/XMLSchema-instance" xmlns:dcterms="http://purl.org/dc/terms/" xsi:schemaLocation="http://www.loc.gov/MARC21/slim http://www.loc.gov/standards/marcxml/schema/MARC21slim.xsd">
<leader>00925njm 22002777a 4500</leader>
<datafield tag="042" ind1=" " ind2=" ">
<subfield code="a">dc</subfield>
</datafield>
<datafield tag="720" ind1=" " ind2=" ">
<subfield code="a">Martínez Blanco, Ana</subfield>
<subfield code="e">author</subfield>
</datafield>
<datafield tag="260" ind1=" " ind2=" ">
<subfield code="c">2014</subfield>
</datafield>
<datafield tag="520" ind1=" " ind2=" ">
<subfield code="a">El siguiente Trabajo de Fin de Grado propone la puesta en marcha de una Escuela de Familia en un centro escolar, más concretamente en la etapa de educación infantil, para fomentar la participación de las familias en la educación de los niños, a la vez que se estrechan relaciones con los docentes y el centro. En esta Escuela de Familia los participantes son todos los miembros de la comunidad escolar, familias, docentes y alumnos.&#xd;
Esta propuesta incluye la educación de un aspecto muy importante y casi olvidado tanto en las escuelas como en la familia, se trata de la educación en el ocio y el tiempo libre.&#xd;
Planteado diferentes actividades y dando unas serie de pautas a las familias, conseguirán estrechar las relaciones entre todos los miembros y sobretodo conseguirán el objetivo principal que tienen en común la familia y escuela: la educación integral de los niños.</subfield>
</datafield>
<datafield tag="024" ind2=" " ind1="8">
<subfield code="a">http://uvadoc.uva.es/handle/10324/8191</subfield>
</datafield>
<datafield ind1=" " ind2=" " tag="653">
<subfield code="a">[pendiente de asignar]</subfield>
</datafield>
<datafield tag="245" ind1="0" ind2="0">
<subfield code="a">Propuesta de una Escuela de Familia en Educación Infantil</subfield>
</datafield>
</record></metadata></record></GetRecord></OAI-PMH>